| 000 | 00398nam a22001457a 4500 | ||
|---|---|---|---|
| 020 | _a969-35-0061-x | ||
| 040 | _cNUST | ||
| 082 | _a891.4393,BAN | ||
| 100 | _aBano, Qudsia | ||
| 245 |
_aAatish Zair e Paa / آتش زیر پا (Urdu) / _cBano Qudsia |
||
| 260 |
_aLahore _bSang-e-Meel Pub _c2013 |
||
| 300 | _a254 p.; | ||
| 650 |
_aUrdu Literature _xNovel _9110271 |
||
| 942 |
_2ddc _cBK _k891.4393,BAN |
||
| 999 |
_c593723 _d593723 |
||